Giáo trình máy nhiệt Giáo trình cao đẳng Sư phạm

Trình bày nguyên lí hoạt động của động cơ nhiệt và động cơ đốt trong, động cơ Tuabin và động cơ phản lực, nguyên lí hoạt động của máy lạnh, máy bơm, máy nén, bơm chân không

Spremljeno u:
Bibliografski detalji
Glavni autor: Nguyễn Văn Ánh (Tác giả)
Format: Knjiga
Jezik:Vietnamese
Izdano: H. Đại học Sư phạm 2005
Teme:
Oznake: Dodaj oznaku
Bez oznaka, Budi prvi tko označuje ovaj zapis!
Thư viện lưu trữ: Mạng thư viện Đại học Đà Nẵng
LEADER 01387nam a2200337 4500
001 000008138
003 4322
005 20111014091044.0
008 111014s2005 viesd
041 0 |a vie 
082 |a 621.43  |b NG-A 
100 0 |a Nguyễn Văn Ánh 
245 0 |a Giáo trình máy nhiệt  |b Giáo trình cao đẳng Sư phạm  |c Nguyễn Văn Ánh 
260 |a H.  |b Đại học Sư phạm  |c 2005 
300 |a 118tr.  |c 24cm 
500 |a Đầu bìa sách ghi: Bộ Giáo dục và Đào tạo. Dự án Đào tạo Giáo viên THCS 
520 |a Trình bày nguyên lí hoạt động của động cơ nhiệt và động cơ đốt trong, động cơ Tuabin và động cơ phản lực, nguyên lí hoạt động của máy lạnh, máy bơm, máy nén, bơm chân không 
653 |a Máy nhiệt 
653 |a Giáo trình 
700 |a Nguyễn Văn Ánh  |e Tác giả 
910 |a MPhuong  |d 14/10/2011 
OWN |a LSP 
AVA |a UDN50  |b LSP  |d 621.43 NG-A  |e available  |t Error 5001 Not defined in file expand_doc_bib_avail.  |f 5  |g 0  |h N  |i 0  |k 1 
999 |a From the UDN01 
AVA |a UDN50  |b LSP  |d 621.43 NG-A  |e available  |t Error 5001 Not defined in file expand_doc_bib_avail.  |f 5  |g 0  |h N  |i 0  |k 1 
TYP |a Monograph 
TYP |a Printed language 
980 |a Mạng thư viện Đại học Đà Nẵng